1424 1090 1192 1219 1440 2000 1525 1044 1532 1035 1074 1550 1739 1754 1660 1631 1346 1872 1768 1788 1997 1841 1970 1077 1314 1882 1072 1899 1944 1093 1086 1687 1446 1971 1648 1421 1547 1166 1146 1017 1356 1848 1331 1240 1399 1878 1057 1919 1122 1717 1648 1415 1400 1711 1825 1006 1629 1610 1601 1234 1184 1485 1676 1746 1292 1569 1601 1135 1565 1548 1576 1571 1408 1163 1031 1007 1510 1457 1896 1985 1665 1128 1537 1267 1109 1491 1369 1890 1242 1786 1451 1489 1285 1146 1148 1369 1683 1079 1760 BCNSPRNW ULIB Ver.6.0+V

เปลี่ยนเป็นภาษาไทย

Change to English
 แสดงรายละเอียดบรรณานุกรม
  กลับหน้าหลัก

Brief Record : Get Marc (ISO 2709) : E-mail record : QR code < ปิดหน้าต่าง
LEADER : 00000nam 2200000uu 4500
001    13399111641
003     ULIB
008    110704s||||||||th 000 0 tha d
020    9749338057
050  4 BQ4570^bส178ส ล.1 2548
100 1  สนอง วรอุไร
245 10 สนทนาภาษาธรรม :^bจากเว็บไซด์กัลยาณธรรม /^cตอบปัญหาโดย สนอง วรอุไร
250    พิมพ์ครั้งที่ 1
260    สมุทรปราการ :^bชมรมกัลยาณธรรม,^c2548
300    208 หน้า
650  7 ธรรมะ^xคำถามและคำตอบ
650  7 พุทธศาสนา^xคำถามและคำตอบ
945    ^p0^l0^i020925
945    ^p0^l0^i019238
995    ทศพร
999 ^a ใช้งานได้ทุกระบบ
รายการนี้ยังไม่มีแท็ก
คุณยังไม่ได้ล็อกอิน คุณสามารถมีกิจกรรมร่วมกับเว็บไซต์ได้ แต่ต้องล็อกอินก่อน ::
  ล็อกอิน

รายการสื่อสารสนเทศ

ลำดับที่ ประเภท เลขเรียก/บาร์โค้ด สถานที่ สถานะ
- ไม่พบข้อมูล -

รายการใกล้เคียง
    ผู้แต่ง [สนอง วรอุไร]

BibComment


ยังไม่เคยถูกคอมเมนท์

คอมเมนท์ทรัพยากรรายการนี้
  คอมเมนท์: สนทนาภาษาธรรม จา..


 Copyright 2026. Bcnsprnw @Library